Sampling methods for applied research text and cases

Salvato in:
Dettagli Bibliografici
Autore principale: Tryfos, Peter
Natura: Libro
Lingua:inglese
Pubblicazione: New York John Wiley & Sons, Inc. 1996
Soggetti:
Tags: Aggiungi Tag
Nessun Tag, puoi essere il primo ad aggiungerne!!

MARC

LEADER 00000nam$a2200000$$$4500
001 0082807
005 20221205071702.9
020 |a 0-471-04727-9 
041 0 |a eng 
044 |a US 
245 1 0 |a Sampling methods for applied research  |b text and cases  |c Peter Tryfos 
264 1 |a New York  |b John Wiley & Sons, Inc.  |c 1996 
300 |a 440 s. 
610 2 0 |a výskum aplikovaný 
610 2 0 |a metódy výskumu 
610 2 0 |a metódy štatistické 
610 2 0 |a metódy matematické 
610 2 0 |a modelovanie 
610 2 0 |a modely lineárne 
610 2 0 |a modely matematicko-štatistické 
610 2 0 |a regresia 
610 2 0 |a korelácia 
610 2 0 |a odhad štatistický 
610 2 0 |a pravdepodobnosť 
100 1 |a Tryfos, Peter